00662nam a2200109Ia 4500008004100000245003900041300030600080650000900386856006600395999001900461952007200480170517s9999 xx 000 0 und d aDarling! The Pieter-Dirk Uys Story aControversial South African political satirist Pieter-Dirk Uys allows writer/director Julian Shaw into his previously off-limits inner world. The result is a startling document of Pieter's work educating school children about their country's greatest threat, HIV/AIDS, and an unforgettable portrait... xArt. uhttp://topdocumentaryfilms.com/darling-pieter-dirk-uys-story/ c333129d333129 001040aCLbCLd2017-05-17l0r2017-05-17 00:00:00w2017-05-17yDF